03276naa a2200361Ia 4500003000400000005001700004007000200021008004100023040005900064050005600123099000800179100004800187245018300235264006000418300007200478336002600550337002800576338002700604502011700631504005600748520121300804650006102017650005102078650005102129650005602180658011402236700003902350700004202389942007002431999001502501952019902516952019902715OSt20260417155836.0a260417s2017 xx 000 0 und d aFoundation UniversitybEngcFoundation Universityerda aCBA (OprMgt-FS) LG 221 D35 B87bA5 B87 O64 2016 B36 a799 aBantayanon, Gloria Fatima T.91517eauthor.10aA feasibility study of establishing "Fruits-Veges cupcakes queen Shop," Robinson's Place, Dumaguete City /cby Gloria Fatima T. Bantayanon, Mera T. Tuballa and Cherie C. Valencia aDumaguete City :bFoundation University ;c2016.42016. axiv, 178 leaves :bill. (chiefly color) ;c28 cm.3volumefresource 2rdacontentatextbtxt 2rdamediaaunmediatedbn 3rdacarrieravolumebnc eUndergraduate feasibility (BS in Administration Major in Operations Management) - - Foundation University, 2016. aIncludes bibliographical references and appendices. aABSTRACT It was the objective of this study to determine the feasibility of Fruits- Veggies Cupcakes Queen Shop in Robinson's Place Dumaguete City, Negos Oriental. In this project feasibility study, the researcher's method used is questionnaire. The result of the study indicates that based on the underlying assumptions, of Fruits-Veggies Cupcakes Queen Shop in Robinson's Place Dumaguete City, Negros Oriental is feasible. In summary, from the technical point of view, the said Cupcake Queen Shop business is feasible. On the financial aspect the Cupcake Queen Shop business is profitable. To the management part, it was also found feasible. VWith its marketing aspect the Cupcake Queen Shop business has a very high demand. The residents are looking forward to its soon as possible implementation of the business. The proposed business has been evaluated the marketability of it. A total of 399 or 400 respondents composed of students, workers, and parents were selected through questionnaire survey method. Moreover, on the basis of the vital findings in this study, the researcher concludes that the project is feasible from the aspects of marketing. technical, management, financial and socio-economic. aFeasibility studieszPhilippines.zDumaguete City.91518 aCupcakeszPhilippines.zDumaguete City.915506 aBakerieszPhilippines.zDumaguete City.915505 aSmall business915504zPhilippineszDumaguete City. aProject Feasibility Study :bAdministration Major in Operations Management, Bachelor of Science in ;cFSB301.1 aTuballa, Mera T.eco-author9155221 aValencia, Cherie C.eco-author915525 2lcccFShLG 221 D35 B87iA5 B87 O64 2016 B36kCBA (OprMgt-FS) n0 c5755d5755 00102lcc4070aFOUNDATIONbFOUNDATIONcMAIN-UGThed2026-04-17eDonatedl0oCBA (OprMgt-FS) LG 221 D35 B87 A5 B87 O64 2016 B36 c.1p59317r2026-04-17 15:59:05w2026-04-17yFSkOprMgt-FS-2026007 00102lcc4070aFOUNDATIONbFOUNDATIONcMAIN-UGThed2026-04-17eDonatedl0oCBA (OprMgt-FS) LG 221 D35 B87 A5 B87 O64 2016 B36 c.2p59333r2026-04-17 15:59:00w2026-04-17yFSkOprMgt-FS-2026008